| Tag |
First Indicator |
Second Indicator |
Subfields |
| LEADER |
00000cam a2200000 a 4500 |
| 001 |
in00002477821 |
| 005 |
20151110113306.0 |
| 008 |
081223s2009 onca b 001 0 eng |
| 016 |
|
|
|a 20089079507
|
| 020 |
|
|
|a 9780774816656 (bound)
|
| 020 |
|
|
|a 0774816651 (bound)
|
| 029 |
0 |
|
|a NLC
|b 20089079507
|
| 029 |
1 |
|
|a CDX
|b 9477717
|
| 029 |
1 |
|
|a BWX
|b R1780877
|
| 035 |
|
|
|a (OCoLC)ocn298135449
|
| 035 |
|
|
|a (OCoLC)298135449
|
| 040 |
|
|
|a NLC
|b eng
|c NLC
|d YDXCP
|d BTCTA
|d C#P
|d CDX
|d BWX
|d UtOrBLW
|
| 049 |
|
|
|a TXAM
|
| 050 |
|
4 |
|a HD9510.5
|b .M33 2009
|
| 055 |
0 |
1 |
|a HD9510.5
|
| 055 |
|
0 |
|a HD9510.5
|b M33 2009
|
| 055 |
0 |
0 |
|a HD9510 .5
|b M23 2009
|
| 082 |
0 |
4 |
|a 338.4/7669142
|2 22
|
| 100 |
1 |
|
|a Madar, Daniel,
|d 1941-
|
| 245 |
1 |
0 |
|a Big steel :
|b technology, trade, and survival in a global market /
|c Daniel Madar.
|
| 264 |
|
1 |
|a Vancouver :
|b UBC Press,
|c [2009]
|
| 264 |
|
4 |
|c ©2009
|
| 300 |
|
|
|a viii, 237 pages :
|b illustrations ;
|c 24 cm.
|
| 336 |
|
|
|a text
|b txt
|2 rdacontent
|
| 337 |
|
|
|a unmediated
|b n
|2 rdamedia
|
| 338 |
|
|
|a volume
|b nc
|2 rdacarrier
|
| 504 |
|
|
|a Includes bibliographical references and index.
|
| 650 |
|
0 |
|a Steel industry and trade.
|
| 650 |
|
0 |
|a Steel industry and trade
|x History.
|
| 650 |
|
6 |
|a Sidérurgie.
|
| 650 |
|
6 |
|a Sidérurgie
|x Histoire.
|
| 938 |
|
|
|a YBP Library Services
|b YANK
|n 2972529
|
| 938 |
|
|
|a Baker and Taylor
|b BTCP
|n BK0008303350
|
| 938 |
|
|
|a Coutts Information Services
|b COUT
|n 9477717
|c 85.00 CAD
|
| 938 |
|
|
|a Blackwell Book Service
|b BBUS
|n R1780877
|c $85.00
|
| 945 |
|
|
|a PromptCat
|b 703344
|
| 946 |
|
|
|a west,stk
|
| 947 |
|
|
|a A14839861707
|
| 994 |
|
|
|a 92
|b TXA
|
| 948 |
|
|
|a cataloged
|b h
|d 2009/5/27
|h c
|e asalazar
|f 10:28:20 am
|
| 999 |
|
|
|a MARS
|
| 999 |
f |
f |
|s f3aefbc1-df7f-3703-8154-e0c5ef71e9be
|i a70692e6-7df4-3409-9585-31393269754f
|t 0
|
| 952 |
f |
f |
|p ric
|a Texas A&M University
|b Rellis Campus
|c Joint Library Facility
|d Remote Storage
|t 0
|e HD9510.5 .M33 2009
|h Library of Congress classification
|i unmediated -- volume
|m A14839861707
|
| 998 |
f |
f |
|a HD9510.5 .M33 2009
|t 0
|l Remote Storage
|